1538 1629 1505 1266 1359 1702 1100 1346 1190 1374 1271 1474 1165 1213 1280 1453 1910 1180 1583 1855 1014 1808 1315 1734 1572 1246 1886 1787 1025 1632 1699 1124 1167 1022 1752 1692 1434 1882 1654 1254 1723 1069 1220 1659 1856 1552 1376 1163 1982 1293 1064 1500 1486 1247 1997 1365 1001 1326 1290 1468 1275 1701 1697 1194 1050 1412 1474 1613 1292 1099 1361 1006 1900 1584 1318 1336 1071 1244 1902 1446 1927 1067 1769 1359 1540 1349 1924 1263 1689 1012 1899 1600 1386 1738 1283 1240 1041 1610 1987 BCNSPRNW ULIB Ver.6.0+V

เปลี่ยนเป็นภาษาไทย

Change to English
 แสดงรายละเอียดบรรณานุกรม
  กลับหน้าหลัก

Brief Record : Get Marc (ISO 2709) : E-mail record : QR code < ปิดหน้าต่าง
LEADER : 00000nam 2200000uu 4500
001    13399125683
003     ULIB
008    170716s2558||||th 000 0 tha d
020    ^a9786163447166
060  0 ^aWB890^bจ285ศ
100 0  ^aจันทิมา น่วมศรีนวล
245 00 ^aศาสตร์ทางเลือกฟื้นฟูสุขภาพด้วยตนเอง /^cจันทิมา น่วมศรีนวล
260    ^aกรุงเทพฯ : ^bคลื่นอักษร,^c2558
300    ^a160 หน้า ;^c21 ซม.
650  0 ^aสุขภาพ^xแพทย์ทางเลือก
945    ^p150^l0^i25255
999    ^aกัณชพร จุลอักษร
รายการนี้ยังไม่มีแท็ก
คุณยังไม่ได้ล็อกอิน คุณสามารถมีกิจกรรมร่วมกับเว็บไซต์ได้ แต่ต้องล็อกอินก่อน ::
  ล็อกอิน

รายการสื่อสารสนเทศ

ลำดับที่ ประเภท เลขเรียก/บาร์โค้ด สถานที่ สถานะ
1. วิทยาศาสตร์การแพทย์ และสุขภาพ
วิทยาศาสตร์การแพทย์ และสุขภาพ
WB890 จ285ศ ฉ.1 
  Barcode: 25255
ห้องสมุดวิทยาเขตนครสวรรค์
►ส่วนจัดเก็บหนังสือเก่า นว.
บนชั้น
  ขอยืม

รายการใกล้เคียง
    ผู้แต่ง [จันทิมา น่วมศรีนวล]

BibComment


ยังไม่เคยถูกคอมเมนท์

คอมเมนท์ทรัพยากรรายการนี้
  คอมเมนท์: ศาสตร์ทางเลือกฟื..


 Copyright 2026. Bcnsprnw @Library